Za založenie ústavu môže Vrchárka

Rozhovor s riaditeľom Výskumného ústavu vysokohorskej biológie, doc. RNDr. Mariánom Janigom, CSc., o aktuálnych trendoch v oblasti výskumu v kontexte budúcnosti a kvality školstva.

Salvato in:
Dettagli Bibliografici
Autore principale: Pitoňáková, Slávka
Natura: Capitolo di libro
Lingua:slovacco
Soggetti:
Tags: Aggiungi Tag
Nessun Tag, puoi essere il primo ad aggiungerne!!

MARC

LEADER 00000naa a2200000 4500
001 0149001
005 20231129134040.0
041 0 |a slo 
044 |a SK 
245 1 0 |a Za založenie ústavu môže Vrchárka  |c Slávka Pitoňáková 
520 |a Rozhovor s riaditeľom Výskumného ústavu vysokohorskej biológie, doc. RNDr. Mariánom Janigom, CSc., o aktuálnych trendoch v oblasti výskumu v kontexte budúcnosti a kvality školstva. 
610 2 0 |a školstvo 
610 2 0 |a školy vysoké 
610 2 0 |a univerzity 
610 2 0 |a programy študijné 
610 2 0 |a programy výskumné 
610 2 0 |a ústavy výskumné 
610 2 0 |a environmentalistika 
100 1 |a Pitoňáková, Slávka